Natural gas engineering : production and storage
| Main Author: | |
|---|---|
| Format: | Book |
| Published: |
N.York :
McGraw-Hill ,
1990
|
| Subjects: |
MARC
| LEADER | 00000cam a2200000 7i4500 | ||
|---|---|---|---|
| 001 | 0000006016 | ||
| 002 | 000006503 | ||
| 005 | 20000330.0 | ||
| 020 | |a 0071007776 | ||
| 090 | 0 | 0 | |a 665.73 |b KAT |
| 100 | 1 | |a Katz, Donald L | |
| 245 | 1 | 0 | |a Natural gas engineering : |b production and storage |c Donald L.Katz |
| 260 | |a N.York : |b McGraw-Hill , |c 1990 | ||
| 300 | |a 760p. ; |c 23cm. | ||
| 650 | 0 | 0 | |a Gas natural |x Storage |
| 999 | |a 037843 |b BUKU |c PINJAMAN |e PERPUSTAKAAN KOMUNITI PETALING JAYA | ||